000 01009mam a2200289 a 4500
001 1976029
003 ARRUPE
005 20150904152252.0
008 980604s1997 gau b 001 0 eng d
020 _a9042001593 (cloth)
035 _a(OCoLC)36877877
035 _a(OCoLC)ocm36877877
035 _a(NNC)1976029
040 _a*EUW*
_c*EUW*
_dNN
_dCStRLIN
_dNNU
050 4 _aQ175
_b.G492 1997
100 1 _aGinev, Dimitŭr.
_919346
245 1 2 _aA passage to the hermeneutic philosophy of science /
_cDimitri Ginev.
260 _aAmsterdam ;
_aAtlanta, GA :
_bRodopi,
_c1997.
300 _a127 p. ;
_c23 cm.
490 1 _aPoznań studies in the philosophy of the sciences and the humanities ;
_vv. 53
504 _aIncludes bibliographic references (p. 120-125) and index.
650 0 _aScience
_xPhilosophy.
_919347
650 0 _aHermeneutics.
_919348
830 0 _aPoznań studies in the philosophy of the sciences and the humanities ;
_vv. 53.
_919349
942 _2lcc
_cMONOGRAPH
999 _c123246
_d123246